000 00474nam a22001697a 4500
999 _c12394
_d12394
008 230511b 2022 ||||| |||| 00| 0 eng d
020 _a9789280117462
082 _a623.88245
_bIMO
110 _aIMO
245 _aIMSBC : International maritime solid bulk cargoes code and supplement
260 _aLondon
_bIMO
_c2022
300 _av, 730p.
650 _aSafety of personnel and ship
650 _aTrimming procedures
650 _aSecurity provisions
942 _cBK